[Event "Montevideo Reina Reyes op 14th"]
[Site "Montevideo"]
[Date "2020.02.15"]
[Round "1"]
[White "Rodriguez Schinca, Joaquin"]
[Black "Pereira, Gerardo"]
[Result "1-0"]
[WhiteElo "1284"]
[BlackElo "1322"]
[PlyCount "131"]
[EventDate "2020.02.15"]
[EventType "swiss"]
[EventRounds "5"]
[EventCountry "URU"]
[SourceTitle "CBM 195 Extra"]
[Source "ChessBase"]
[SourceDate "2020.05.31"]
[SourceVersion "1"]
[SourceVersionDate "2020.05.31"]
[SourceQuality "1"]

1. d4 Nf6 2. Nf3 b6 3. e3 Bb7 4. Nbd2 d6 5. Bd3 e6 6. 0-0 Be7 7. Re1 h6 8. b3 Ba6 9. c4 Qd7 10. Bb2 b5 11. Rc1 c6 12. Qe2 d5 13. Ne5 Qb7 14. cxb5 Bxb5 15. Bxb5 Qxb5 16. Qxb5 cxb5 17. Rc8+ Bd8 18. Nc6 Kd7 19. Rxb8 Rxb8 20. Nxb8+ Kc7 21. Na6+ Kb6 22. Nb4 Be7 23. Ba3 Kb7 24. Nc2 Rc8 25. Bxe7 Rxc2 26. Bxf6 gxf6 27. Nf3 Rxa2 28. Rb1 Rc2 29. h3 a5 30. Ne1 Rc3 31. Rb2 e5 32. dxe5 fxe5 33. Nc2 f5 34. Kh2 Kc6 35. Na1 Rc1 36. Nc2 Kd6 37. f4 Ke6 38. b4 a4 39. fxe5 Kxe5 40. Nd4 Rc3 41. Nxb5 Rxe3 42. Ra2 d4 43. Rxa4 d3 44. Ra3 Ke4 45. Nc3+ Kd4 46. Nd1 Re1 47. Nf2 Kc4 48. Rxd3 Kxb4 49. Rd4+ Kc5 50. Nd3+ Kxd4 51. Nxe1 Ke4 52. Kg3 Ke5 53. Kh4 Kf6 54. Kh5 f4 55. Kg4 Ke5 56. Nd3+ Kd4 57. Nxf4 Ke3 58. g3 Kf2 59. h4 Ke3 60. Nd5+ Kf2 61. Kf4 Kg2 62. Kg4 Kf2 63. Nf6 Kg2 64. Ne4 Kh2 65. Kh5 Kh3 66. g4 1-0